[Event "3FoglarVeterans_SIM_C"]
[Site "?"]
[Date "2007.??.??"]
[Round "?"]
[White "Vrbica, Ladislav"]
[Black "Colucci, Pasguale"]
[Result "1/2-1/2"]
[WhiteElo "2348"]
[BlackElo "2318"]
[PlyCount "64"]
[EventDate "2007.??.??"]
[EventType "corr"]
[SourceDate "2007.05.17"]

1. d4 Nf6 2. c4 g6 3. Nc3 Bg7 4. e4 d6 5. Nf3 O-O 6. Be2 e5 7. O-O Nc6 8. d5
Ne7 9. b4 Nh5 10. Re1 f5 11. Ng5 Nf6 12. f3 Nh5 13. c5 Nf4 14. Bc4 fxe4 15.
Ngxe4 Nf5 16. a4 Nd4 17. Be3 Nxg2 18. Kxg2 Nxf3 19. Kh1 Nxe1 20. Qxe1 Bg4 21.
Kg1 Rf4 22. Rc1 Bf5 23. Bxf4 exf4 24. Qf2 f3 25. Bd3 Be5 26. Kh1 Qe7 27. Nb5
Bxh2 28. Nxc7 Bxe4 29. Bxe4 Qxe4 30. Nxa8 Be5 31. Rd1 Qg4 32. Rd3 Qh3+ 1/2-1/2

[Event "3FoglarVeterans_SIM_C"]
[Site "?"]
[Date "2007.??.??"]
[Round "?"]
[White "Kuta, Jiri"]
[Black "Grabner, Helmut"]
[Result "1/2-1/2"]
[WhiteElo "2349"]
[BlackElo "2319"]
[PlyCount "72"]
[EventDate "2007.??.??"]
[EventType "corr"]
[SourceDate "2007.05.17"]

1. d4 Nf6 2. c4 e6 3. Nf3 b6 4. a3 Bb7 5. Nc3 d5 6. cxd5 Nxd5 7. Qc2 Nxc3 8.
bxc3 c5 9. e4 Nd7 10. Bf4 cxd4 11. cxd4 Rc8 12. Qb3 Be7 13. Bd3 Nf6 14. Qb5+
Bc6 15. Qb1 O-O 16. O-O Qd7 17. Re1 Ba4 18. Bd2 h6 19. Qb2 Rfd8 20. Bb4 Rc7 21.
Rac1 Rdc8 22. Ne5 Qd8 23. Rxc7 Rxc7 24. h3 Nd7 25. Nf3 Nf6 26. Rc1 Bc6 27. Nd2
Bxb4 28. axb4 a6 29. f3 Bb7 30. Rxc7 Qxc7 31. Nc4 Qd8 32. Bf1 Ne8 33. Qc3 Nd6
34. Ne3 h5 35. Bd3 h4 36. Kf2 Ne8 1/2-1/2

[Event "3FoglarVeterans_SIM_C"]
[Site "?"]
[Date "2007.??.??"]
[Round "?"]
[White "Colucci, Pasguale"]
[Black "Kuta, Jiri"]
[Result "1/2-1/2"]
[WhiteElo "2318"]
[BlackElo "2349"]
[PlyCount "82"]
[EventDate "2007.??.??"]
[EventType "corr"]
[SourceDate "2007.05.17"]

1. e4 c5 2. c3 Nf6 3. e5 Nd5 4. d4 cxd4 5. cxd4 d6 6. Nf3 Nc6 7. Bc4 Nb6 8. Bb3
dxe5 9. d5 Na5 10. Nc3 f6 11. O-O Nxb3 12. axb3 g6 13. Qe2 Bg7 14. Qb5+ Bd7 15.
Qb4 O-O 16. Rd1 Nc8 17. Qxb7 Nd6 18. Qa6 Qb6 19. Qxb6 axb6 20. Be3 b5 21. Bc5
Kf7 22. Ra3 Rxa3 23. bxa3 Rc8 24. Bb4 g5 25. Kf1 g4 26. Ne1 f5 27. Ne2 e4 28.
Rd2 Be5 29. g3 Kf6 30. Rc2 Ne8 31. Rxc8 Bxc8 32. Nc2 Nc7 33. Ne3 Bb7 34. Nc3
Na6 35. Ba5 b4 36. Nb5 bxa3 37. Nxa3 Nc7 38. Nac4 Nxd5 39. Nxd5+ Bxd5 40. Nxe5
Kxe5 41. b4 Bc4+ 1/2-1/2

[Event "3FoglarVeterans_SIM_C"]
[Site "?"]
[Date "2007.??.??"]
[Round "?"]
[White "Quattrocchi, Gaetano"]
[Black "Vrbica, Ladislav"]
[Result "1/2-1/2"]
[WhiteElo "2283"]
[BlackElo "2348"]
[PlyCount "53"]
[EventDate "2007.??.??"]
[EventType "corr"]
[SourceDate "2007.05.17"]

1. e4 c5 2. Nf3 Nc6 3. Bb5 g6 4. Bxc6 dxc6 5. d3 Bg7 6. h3 Nf6 7. Nc3 O-O 8.
Bf4 Ne8 9. Qd2 f6 10. Be3 b6 11. h4 Bg4 12. Nh2 Be6 13. O-O-O Nd6 14. h5 g5 15.
f4 h6 16. Kb1 Nb5 17. Ne2 Nd4 18. Nf3 Nxe2 19. Qxe2 Qc7 20. f5 Bf7 21. g4 e5
22. fxe6 Bxe6 23. Rhg1 Rfd8 24. Nd2 a5 25. a4 Bf8 26. Qf3 Be7 27. Qf2 1/2-1/2

[Event "3FoglarVeterans_SIM_C"]
[Site "?"]
[Date "2007.??.??"]
[Round "?"]
[White "Kasik, Miroslav"]
[Black "Pecka, Josef"]
[Result "1/2-1/2"]
[WhiteElo "2232"]
[BlackElo "2330"]
[PlyCount "97"]
[EventDate "2007.??.??"]
[EventType "corr"]
[SourceDate "2007.05.17"]

1. e4 e6 2. d4 d5 3. Nd2 Nf6 4. e5 Nfd7 5. Bd3 c5 6. c3 Nc6 7. Ne2 cxd4 8. cxd4
f6 9. exf6 Nxf6 10. O-O Bd6 11. Nf3 O-O 12. Nc3 Bd7 13. Nb5 Bb8 14. Re1 Ng4 15.
Bg5 Qb6 16. h3 Nxf2 17. Kxf2 a6 18. Nc3 Nxd4 19. Be3 Qxb2+ 20. Qd2 Qxd2+ 21.
Bxd2 Ba7 22. Kg3 Rac8 23. Rab1 Bb8+ 24. Kf2 b5 25. Rf1 Nxf3 26. gxf3 Bf4 27.
Ke2 Bd6 28. Rg1 Be8 29. Rbf1 b4 30. Nd1 a5 31. Ne3 Bc6 32. h4 Be8 33. Ng4 h5
34. Ne3 Bh2 35. Rc1 Rb8 36. Rg2 Be5 37. Nc2 Rc8 38. Rcg1 Kh8 39. f4 Bf6 40. Be3
Rf7 41. Nd4 Rc3 42. Nb3 a4 43. Nd4 Re7 44. Kd2 Ra3 45. Bb1 Rc3 46. Bf2 Rc4 47.
Ne2 Rd7 48. Bc2 a3 49. Rb1 1/2-1/2

[Event "3FoglarVeterans_SIM_C"]
[Site "?"]
[Date "2007.??.??"]
[Round "?"]
[White "Shapiro, Vladislav"]
[Black "Schwarz, Jan"]
[Result "0-1"]
[WhiteElo "2358"]
[BlackElo "2308"]
[PlyCount "98"]
[EventDate "2007.??.??"]
[EventType "corr"]
[SourceDate "2007.05.17"]

1. d4 e6 2. c4 Nf6 3. Nf3 b6 4. g3 Ba6 5. Nbd2 d5 6. Bg2 Be7 7. O-O O-O 8. Ne5
Bb7 9. b3 c5 10. dxc5 bxc5 11. Bb2 Nbd7 12. Nxd7 Qxd7 13. cxd5 exd5 14. e4 d4
15. Re1 a5 16. Nc4 Qe6 17. e5 Nd5 18. Be4 Ra7 19. Qf3 a4 20. Bf5 Qa6 21. Qg4
Ba8 22. e6 Nf6 23. exf7+ Rxf7 24. Qd1 Bf8 25. Bd3 Rfe7 26. Rxe7 Rxe7 27. f3 Qc6
28. bxa4 Ng4 29. Qf1 g6 30. Rb1 Ne3 31. Qe2 Nd5 32. Be4 Qxa4 33. a3 Re8 34. Ba1
Qd7 35. Qd1 Bh6 36. Qb3 Qe6 37. a4 Ne3 38. Nd6 c4 39. Qb6 Qh3 40. Qb2 Bxe4 41.
Nxe4 Bg7 42. Qe2 Qd7 43. Qd2 Rf8 44. Re1 Rxf3 45. Ng5 Rf5 46. Rxe3 Rxg5 47. Rf3
h6 48. Rf4 Qxa4 49. Bb2 Rd5 0-1

[Event "3FoglarVeterans_SIM_C"]
[Site "?"]
[Date "2007.??.??"]
[Round "?"]
[White "Janosi, Ervin"]
[Black "Koch, Hans"]
[Result "1-0"]
[WhiteElo "2323"]
[BlackElo "2311"]
[PlyCount "101"]
[EventDate "2007.??.??"]
[EventType "corr"]
[SourceDate "2007.05.17"]

1. e4 c5 2. Nf3 d6 3. d4 cxd4 4. Nxd4 Nf6 5. Nc3 Nc6 6. Bg5 a6 7. Qd2 e6 8.
O-O-O Bd7 9. f4 b5 10. Bxf6 gxf6 11. Nxc6 Bxc6 12. Qe3 Qe7 13. Bd3 Qa7 14. Qe1
Be7 15. Kb1 Qc5 16. f5 b4 17. Ne2 e5 18. Ng3 a5 19. Qe2 Rc8 20. Rc1 a4 21. c3
b3 22. a3 O-O 23. Rcd1 Kh8 24. Rhe1 d5 25. exd5 Bxd5 26. Ne4 Qb6 27. g4 Rfd8
28. Rd2 Rc7 29. Ka1 Bb7 30. h4 Rcd7 31. g5 Bxe4 32. Qxe4 Qa5 33. gxf6 Bxf6 34.
Red1 Qc5 35. Rg2 Qb5 36. Rgd2 Qc5 37. Kb1 Kg8 38. Rg2+ Kf8 39. Rgd2 Rd6 40. Ka1
h5 41. Kb1 Bg7 42. Ka1 Bh6 43. Re2 Qb5 44. c4 Qc5 45. f6 Rxf6 46. Qh7 Be3 47.
Rde1 Bf4 48. Rg2 Ke7 49. Rge2 Rg6 50. Bxg6 Rd1+ 51. Rxd1 1-0

[Event "3FoglarVeterans_SIM_C"]
[Site "?"]
[Date "2007.??.??"]
[Round "?"]
[White "Zundel, Werner"]
[Black "Janosi, Ervin"]
[Result "1/2-1/2"]
[WhiteElo "2286"]
[BlackElo "2323"]
[PlyCount "80"]
[EventDate "2007.??.??"]
[EventType "corr"]
[SourceDate "2007.05.17"]

1. e4 c5 2. Nf3 Nc6 3. d4 cxd4 4. Nxd4 Nf6 5. Nc3 e5 6. Ndb5 d6 7. Bg5 a6 8.
Na3 b5 9. Bxf6 gxf6 10. Nd5 f5 11. Bd3 Be6 12. O-O Bxd5 13. exd5 Ne7 14. Nxb5
Bg7 15. Nc3 e4 16. Bc4 Ng6 17. Qh5 Bxc3 18. bxc3 Qf6 19. Qh6 Qxc3 20. Bb3 Ke7
21. Rae1 Rhg8 22. Kh1 a5 23. Ba4 Rab8 24. a3 Qxa3 25. Qg5+ Kf8 26. Bd7 Qc3 27.
Qxf5 Qxc2 28. Qf6 Qc7 29. Bf5 Qe7 30. Qa1 Qe5 31. Bxe4 Qxa1 32. Rxa1 Rb5 33.
Rfb1 Rxb1+ 34. Bxb1 Ke7 35. Bxg6 hxg6 36. Rxa5 Rc8 37. g4 Rc5 38. Ra7+ Kf6 39.
h4 Rxd5 40. Kg2 Rb5 1/2-1/2

[Event "3FoglarVeterans_SIM_C"]
[Site "?"]
[Date "2007.??.??"]
[Round "?"]
[White "Schwarz, Jan"]
[Black "Olano Aizpurua, Jose"]
[Result "1-0"]
[WhiteElo "2308"]
[BlackElo "2337"]
[PlyCount "93"]
[EventDate "2007.??.??"]
[EventType "corr"]
[SourceDate "2007.05.17"]

1. e4 c5 2. Nf3 d6 3. d4 cxd4 4. Nxd4 Nf6 5. Nc3 a6 6. Be3 e6 7. g4 h6 8. f4 e5
9. Nf5 Nc6 10. Bg2 g6 11. g5 hxg5 12. fxg5 gxf5 13. gxf6 f4 14. Bf2 Be6 15. Nd5
Bxd5 16. exd5 Nb8 17. Bf3 Nd7 18. Qd2 Nxf6 19. O-O-O Qc8 20. h4 Ng4 21. Bb6 f5
22. Kb1 Be7 23. h5 Bd8 24. Bg1 Qc4 25. h6 Nxh6 26. b3 Qc7 27. c4 Bf6 28. c5 Qe7
29. Bh5+ Nf7 30. cxd6 Qxd6 31. Qc2 e4 32. Bc5 Qd7 33. Qg2 O-O-O 34. Qg6 Rh6 35.
Qxf7 Rdh8 36. Rhg1 Qxf7 37. Bxf7 b6 38. Bd6 f3 39. Bf4 Rh4 40. Rc1+ Kb7 41. Bg3
Rg4 42. d6 Rxg3 43. Rxg3 Rd8 44. Be6 Rxd6 45. Bxf5 e3 46. Be4+ Kb8 47. Bxf3 1-0

[Event "3FoglarVeterans_SIM_C"]
[Site "?"]
[Date "2007.??.??"]
[Round "?"]
[White "Novak, Vratislav"]
[Black "Shapiro, Vladislav"]
[Result "1/2-1/2"]
[WhiteElo "2289"]
[BlackElo "2358"]
[PlyCount "60"]
[EventDate "2007.??.??"]
[EventType "corr"]
[SourceDate "2007.05.17"]

1. e4 c5 2. b3 d6 3. Nf3 Nf6 4. Nc3 Nc6 5. Bb2 e6 6. d4 cxd4 7. Nxd4 Be7 8.
Nxc6 bxc6 9. Bd3 O-O 10. O-O e5 11. h3 d5 12. Re1 d4 13. Na4 Bd7 14. Bc1 Ne8
15. c3 c5 16. Nb2 Nd6 17. Nc4 Nxc4 18. Bxc4 Be6 19. Bxe6 fxe6 20. Qh5 Qd6 21.
Bd2 Rf7 22. c4 a5 23. Rab1 a4 24. Rb2 axb3 25. axb3 Qc7 26. Rf1 Rff8 27. Rfb1
Rfb8 28. Qg4 Ra6 29. h4 Qd8 30. b4 cxb4 1/2-1/2

[Event "3FoglarVeterans_SIM_C"]
[Site "?"]
[Date "2007.??.??"]
[Round "?"]
[White "Pecka, Josef"]
[Black "Guskov, Viktor"]
[Result "0-1"]
[WhiteElo "2330"]
[BlackElo "2311"]
[PlyCount "104"]
[EventDate "2007.??.??"]
[EventType "corr"]
[SourceDate "2007.05.17"]

1. e4 e5 2. f4 exf4 3. Bc4 Nf6 4. Nc3 c6 5. Bb3 d5 6. exd5 cxd5 7. d4 Bb4 8.
Nf3 Qe7+ 9. Ne5 Nc6 10. Bxf4 O-O 11. O-O Nxd4 12. Nxd5 Nxd5 13. Bxd5 Be6 14.
Bxe6 Nxe6 15. Bg3 Rad8 16. Nd3 Nd4 17. Kh1 Ne2 18. Rf3 Nxg3+ 19. Rxg3 Bd6 20.
Rh3 Qc7 21. b3 g6 22. c4 Rfe8 23. Qf3 f5 24. Rg1 Kg7 25. a4 h5 26. Rf1 Re4 27.
Qf2 b6 28. Qb2+ Be5 29. Qb1 Rdd4 30. Nxe5 Qxe5 31. Rd3 Re2 32. Rxd4 Qxd4 33.
Rg1 a5 34. Qc1 f4 35. Qf1 Qe3 36. Qa1+ Kf7 37. Qf1 Rc2 38. h3 Rc3 39. c5 Qe4
40. Kh2 f3 41. Qe1 Qf4+ 42. Qg3 Qxg3+ 43. Kxg3 fxg2+ 44. Kxg2 bxc5 45. Rd1 Rxb3
46. Rd7+ Ke6 47. Ra7 c4 48. Rxa5 Kd6 49. Ra8 Kc7 50. Ra5 Kc6 51. Ra8 Ra3 52. h4
Kc5 0-1

[Event "3FoglarVeterans_SIM_C"]
[Site "?"]
[Date "2007.??.??"]
[Round "?"]
[White "Vrbica, Ladislav"]
[Black "Kasik, Miroslav"]
[Result "1/2-1/2"]
[WhiteElo "2348"]
[BlackElo "2232"]
[PlyCount "42"]
[EventDate "2007.??.??"]
[EventType "corr"]
[SourceDate "2007.05.17"]

1. d4 Nf6 2. c4 e6 3. Nf3 d5 4. Nc3 c6 5. e3 Bd6 6. Qc2 O-O 7. Bd3 dxc4 8. Bxc4
Nbd7 9. O-O e5 10. Bb3 a5 11. Bd2 h6 12. Rfd1 exd4 13. Nxd4 Qc7 14. h3 Nc5 15.
Bc4 Rd8 16. Be1 Qe7 17. Rac1 Bd7 18. a4 b6 19. Nf5 Bxf5 20. Qxf5 Qe5 21. Qxe5
Bxe5 1/2-1/2

[Event "3FoglarVeterans_SIM_C"]
[Site "?"]
[Date "2007.??.??"]
[Round "?"]
[White "Kuta, Jiri"]
[Black "Quattrocchi, Gaetano"]
[Result "1/2-1/2"]
[WhiteElo "2349"]
[BlackElo "2283"]
[PlyCount "100"]
[EventDate "2007.??.??"]
[EventType "corr"]
[SourceDate "2007.05.17"]

1. d4 Nf6 2. c4 c5 3. d5 b5 4. Nf3 Bb7 5. Nbd2 b4 6. e4 d6 7. a3 bxa3 8. Rxa3
Nbd7 9. Bd3 g6 10. O-O Bg7 11. Nb3 Qc7 12. Bd2 O-O 13. h3 Nh5 14. Qc2 Ne5 15.
Be2 Nxf3+ 16. Bxf3 Nf6 17. Rfa1 a6 18. Na5 Nd7 19. Rb3 Rfb8 20. Bc3 Bxc3 21.
Qxc3 Ne5 22. Be2 f6 23. f4 Nf7 24. Bg4 Bc8 25. Rxb8 Qxb8 26. Nc6 Qb7 27. Bxc8
Rxc8 28. e5 fxe5 29. fxe5 Nxe5 30. Nxe5 dxe5 31. Qxe5 Rf8 32. b3 Rf7 33. Qe6
Kg7 34. Qe3 Qb6 35. Re1 Kf8 36. Qe5 Qf6 37. Qb8+ Kg7 38. Qg3 Qd4+ 39. Kh2 a5
40. Re2 Kg8 41. Qb8+ Kg7 42. Re6 Kh6 43. Qg3 Kg7 44. Qc7 Kf8 45. Re1 Qf4+ 46.
Qxf4 Rxf4 47. Ra1 Rd4 48. Rxa5 Rd3 49. Rb5 Kf7 50. h4 Kf6 1/2-1/2

[Event "3FoglarVeterans_SIM_C"]
[Site "?"]
[Date "2007.??.??"]
[Round "?"]
[White "Grabner, Helmut"]
[Black "Colucci, Pasguale"]
[Result "1-0"]
[WhiteElo "2319"]
[BlackElo "2318"]
[PlyCount "81"]
[EventDate "2007.??.??"]
[EventType "corr"]
[SourceDate "2007.05.17"]

1. e4 c5 2. Nf3 d6 3. d4 cxd4 4. Nxd4 Nf6 5. Nc3 g6 6. Be3 Bg7 7. f3 O-O 8. Qd2
Nc6 9. O-O-O d5 10. Kb1 Nxd4 11. e5 Nf5 12. exf6 Bxf6 13. Nxd5 Qxd5 14. Qxd5
Nxe3 15. Qd2 Nxd1 16. Qxd1 Be6 17. Be2 Rac8 18. g4 Bg5 19. h4 Rfd8 20. Bd3 Bf6
21. Qg1 Bd4 22. Qg3 Rd6 23. Bf5 Rb6 24. b3 Bg7 25. Bxe6 Rxe6 26. Qf2 a6 27. Rd1
b5 28. f4 Rec6 29. Rd7 e6 30. c4 bxc4 31. b4 c3 32. Kc2 Rc4 33. a3 Bh6 34. Qe3
Ra8 35. Rd4 Rcc8 36. Qd3 Rab8 37. Rd7 Bxf4 38. Qf1 e5 39. Qxa6 Rf8 40. b5 e4
41. Qf6 1-0

[Event "3FoglarVeterans_SIM_C"]
[Site "?"]
[Date "2007.??.??"]
[Round "?"]
[White "Quattrocchi, Gaetano"]
[Black "Grabner, Helmut"]
[Result "1/2-1/2"]
[WhiteElo "2283"]
[BlackElo "2319"]
[PlyCount "75"]
[EventDate "2007.??.??"]
[EventType "corr"]
[SourceDate "2007.05.17"]

1. e4 c5 2. Nf3 d6 3. d4 cxd4 4. Nxd4 Nf6 5. Nc3 a6 6. Be3 e6 7. g4 e5 8. Nf5
g6 9. Bg2 d5 10. Bg5 gxf5 11. Nxd5 Be7 12. Bxf6 Bxf6 13. exf5 Bh4 14. Qe2 O-O
15. O-O-O Qg5+ 16. Kb1 Nd7 17. Rhe1 Ra7 18. Rd2 b5 19. Red1 Bb7 20. Ne3 Nb6 21.
Rd6 Bxg2 22. Nxg2 Nc4 23. R6d3 e4 24. Rd4 Re7 25. b3 Na3+ 26. Kb2 b4 27. Nxh4
Nb5 28. Qe3 Qxh4 29. Rxb4 Qf6+ 30. c3 Rc8 31. Rc4 Rec7 32. Rxc7 Rxc7 33. Rc1
Rd7 34. b4 Nd6 35. Kb3 Qe5 36. Qg5+ Kf8 37. Qh6+ Kg8 38. Qg5+ 1/2-1/2

[Event "3FoglarVeterans_SIM_C"]
[Site "?"]
[Date "2007.??.??"]
[Round "?"]
[White "Kasik, Miroslav"]
[Black "Kuta, Jiri"]
[Result "1/2-1/2"]
[WhiteElo "2232"]
[BlackElo "2349"]
[PlyCount "79"]
[EventDate "2007.??.??"]
[EventType "corr"]
[SourceDate "2007.05.17"]

1. e4 Nc6 2. d4 e5 3. dxe5 Nxe5 4. Nf3 Bb4+ 5. c3 Bd6 6. Nbd2 Qe7 7. Qe2 b6 8.
Nd4 Bb7 9. f4 Ng6 10. e5 Bc5 11. Nc4 Nh6 12. f5 Bxd4 13. Bxh6 gxh6 14. cxd4 Nf4
15. Qf2 Bxg2 16. Rg1 Bxf1 17. Kxf1 Qb4 18. Rc1 Nd3 19. Qf3 Nxc1 20. Qxa8+ Ke7
21. Qd5 c6 22. Qd6+ Qxd6 23. Nxd6 Rf8 24. Rg7 Nxa2 25. Ke2 Nb4 26. Kf3 a5 27.
Rxh7 Nd3 28. Ke4 Nf2+ 29. Ke3 Nd1+ 30. Kd2 Nxb2 31. Kc2 Na4 32. Rxh6 b5 33. h4
b4 34. Ne4 Kd8 35. Kb3 Nb6 36. f6 Kc7 37. Rh7 Ra8 38. Rg7 a4+ 39. Kxb4 a3 40.
Rg1 1/2-1/2

[Event "3FoglarVeterans_SIM_C"]
[Site "?"]
[Date "2007.??.??"]
[Round "?"]
[White "Guskov, Viktor"]
[Black "Vrbica, Ladislav"]
[Result "1-0"]
[WhiteElo "2311"]
[BlackElo "2348"]
[PlyCount "62"]
[EventDate "2007.??.??"]
[EventType "corr"]
[SourceDate "2007.05.17"]

1. e4 c5 2. Nf3 Nc6 3. Bb5 g6 4. O-O Bg7 5. c3 Nf6 6. Re1 O-O 7. h3 e5 8. a3 a6
9. Bxc6 dxc6 10. d3 Re8 11. Qc2 a5 12. a4 b6 13. Na3 Ba6 14. Nc4 Bxc4 15. dxc4
Qc7 16. Be3 Nd7 17. Rad1 Nf8 18. Rd3 Rad8 19. Red1 Ne6 20. Ng5 Rxd3 21. Rxd3
Nxg5 22. Bxg5 f6 23. Be3 Rd8 24. b4 Rxd3 25. Qxd3 Bf8 26. b5 Qd6 27. Qxd6 Bxd6
28. bxc6 Kf7 29. g3 g5 30. h4 gxh4 31. gxh4 h5 1-0

[Event "3FoglarVeterans_SIM_C"]
[Site "?"]
[Date "2007.??.??"]
[Round "?"]
[White "Shapiro, Vladislav"]
[Black "Pecka, Josef"]
[Result "1-0"]
[WhiteElo "2358"]
[BlackElo "2330"]
[PlyCount "119"]
[EventDate "2007.??.??"]
[EventType "corr"]
[SourceDate "2007.05.17"]

1. d4 d5 2. c4 c6 3. Nf3 Nf6 4. Nc3 dxc4 5. a4 Bf5 6. e3 e6 7. Bxc4 Bb4 8. O-O
O-O 9. Nh4 Bg4 10. f3 Bh5 11. g4 Nd5 12. Qe1 Be7 13. Ng2 Bg6 14. Qf2 c5 15.
Bxd5 exd5 16. dxc5 Bxc5 17. Nf4 d4 18. Ncd5 Nc6 19. e4 Bd6 20. h4 h6 21. h5 Bh7
22. Nd3 Re8 23. Bf4 Bxf4 24. N5xf4 Qg5 25. Rac1 Ne5 26. Nxe5 Qxe5 27. Nd3 Qa5
28. Rc4 Rad8 29. Rd1 Qg5 30. Qd2 Qf6 31. Qf4 Qxf4 32. Nxf4 Bxe4 33. fxe4 Rxe4
34. Rf1 g5 35. hxg6 fxg6 36. Rf2 g5 37. Nd3 Rxg4+ 38. Rg2 Rxg2+ 39. Kxg2 Rd7
40. Kf3 Kg7 41. Kg4 Kf6 42. Rc5 Rd6 43. Rf5+ Ke7 44. Ra5 a6 45. Kf5 Rf6+ 46.
Ke5 Kf7 47. Kxd4 Kg6 48. Rd5 h5 49. Ke3 Rf1 50. Rd6+ Kf5 51. Rd7 Ra1 52. Rf7+
Kg4 53. Ne5+ Kg3 54. Rf5 Re1+ 55. Kd4 Rd1+ 56. Kc5 Kh4 57. b4 Rh1 58. Kb6 g4
59. Ng6+ Kg3 60. Kxb7 1-0

[Event "3FoglarVeterans_SIM_C"]
[Site "?"]
[Date "2007.??.??"]
[Round "?"]
[White "Olano Aizpurua, Jose"]
[Black "Novak, Vratislav"]
[Result "1/2-1/2"]
[WhiteElo "2337"]
[BlackElo "2289"]
[PlyCount "68"]
[EventDate "2007.??.??"]
[EventType "corr"]
[SourceDate "2007.05.17"]

1. e4 c5 2. Nf3 d6 3. d4 cxd4 4. Nxd4 Nf6 5. Nc3 Nc6 6. Bg5 e6 7. Qd2 a6 8.
O-O-O h6 9. Be3 Be7 10. f4 Bd7 11. h3 b5 12. Bd3 Nxd4 13. Bxd4 b4 14. Ne2 e5
15. Be3 Qa5 16. Kb1 O-O 17. g4 exf4 18. Bxf4 Be6 19. b3 d5 20. e5 Ne4 21. Bxe4
dxe4 22. Nd4 Rac8 23. Qe2 e3 24. h4 Bc5 25. Bxe3 Rfe8 26. g5 Bxd4 27. Bxd4 Bf5
28. Rd2 h5 29. Rc1 Bg6 30. Bb2 Rc6 31. Qd1 Rec8 32. Ka1 Kh7 33. Rd5 Qb6 34. Qd4
Qxd4 1/2-1/2

[Event "3FoglarVeterans_SIM_C"]
[Site "?"]
[Date "2007.??.??"]
[Round "?"]
[White "Janosi, Ervin"]
[Black "Schwarz, Jan"]
[Result "1/2-1/2"]
[WhiteElo "2323"]
[BlackElo "2308"]
[PlyCount "90"]
[EventDate "2007.??.??"]
[EventType "corr"]
[SourceDate "2007.05.17"]

1. e4 e5 2. Nf3 Nc6 3. Bb5 a6 4. Ba4 Nf6 5. O-O Be7 6. Re1 b5 7. Bb3 O-O 8. c3
d5 9. exd5 Nxd5 10. Nxe5 Nxe5 11. Rxe5 c6 12. d4 Bd6 13. Re1 Qh4 14. g3 Qh3 15.
Re4 g5 16. Qf1 Qh5 17. Nd2 Bf5 18. f3 Nf6 19. a4 Nxe4 20. Nxe4 Qg6 21. Nxd6
Qxd6 22. Bxg5 Qg6 23. Qc1 Bd3 24. Qd2 Rae8 25. Rd1 Be2 26. Bc2 f5 27. Bb3+ Kh8
28. Re1 Bc4 29. Rxe8 Rxe8 30. Bxc4 bxc4 31. Bf4 Kg8 32. Be5 Re7 33. Qe2 Qe6 34.
f4 Rg7 35. Kf2 Rb7 36. h3 h5 37. Qxh5 Rxb2+ 38. Ke3 Rc2 39. g4 Rxc3+ 40. Ke2
Rc2+ 41. Kd1 Rg2 42. gxf5 Qe7 43. Qh8+ Kf7 44. Qh7+ Ke8 45. Qh6 Qd7 1/2-1/2

[Event "3FoglarVeterans_SIM_C"]
[Site "?"]
[Date "2007.??.??"]
[Round "?"]
[White "Schwarz, Jan"]
[Black "Koch, Hans"]
[Result "1/2-1/2"]
[WhiteElo "2308"]
[BlackElo "2311"]
[PlyCount "72"]
[EventDate "2007.??.??"]
[EventType "corr"]
[SourceDate "2007.05.17"]

1. e4 c5 2. Nf3 d6 3. d4 cxd4 4. Nxd4 Nf6 5. Nc3 a6 6. Be3 e6 7. f4 b5 8. Qf3
Bb7 9. a3 Nbd7 10. Bd3 Rc8 11. O-O Be7 12. Nb3 O-O 13. Rad1 Qc7 14. Qg3 Rfe8
15. Qh3 Bf8 16. Kh1 h6 17. Bd4 e5 18. fxe5 dxe5 19. Be3 Re6 20. Qh4 Be7 21. Qg3
Nb6 22. h3 Bxa3 23. bxa3 Qxc3 24. Rf3 Nc4 25. Nc5 Nxe3 26. Nxe6 Nh5 27. Qh4
Nxd1 28. Qxh5 fxe6 29. Qf7+ Kh7 30. Qxb7 Qc6 31. Qf7 Rc7 32. Qh5 Qd6 33. Rg3
Nf2+ 34. Kh2 Nxd3 35. Qg6+ Kg8 36. cxd3 Kh8 1/2-1/2

[Event "3FoglarVeterans_SIM_C"]
[Site "?"]
[Date "2007.??.??"]
[Round "?"]
[White "Novak, Vratislav"]
[Black "Janosi, Ervin"]
[Result "1/2-1/2"]
[WhiteElo "2289"]
[BlackElo "2323"]
[PlyCount "31"]
[EventDate "2007.??.??"]
[EventType "corr"]
[SourceDate "2007.05.17"]

1. e4 c5 2. b3 Nc6 3. Bb2 d6 4. Nf3 e6 5. d4 cxd4 6. Nxd4 Nf6 7. Nxc6 bxc6 8.
e5 dxe5 9. Qxd8+ Kxd8 10. Bxe5 Bc5 11. Be2 Ke7 12. Bf3 Ba6 13. c4 Rad8 14. Nc3
Bd4 15. Bxd4 Rxd4 16. Rd1 1/2-1/2

[Event "3FoglarVeterans_SIM_C"]
[Site "?"]
[Date "2007.??.??"]
[Round "?"]
[White "Pecka, Josef"]
[Black "Olano Aizpurua, Jose"]
[Result "1-0"]
[WhiteElo "2330"]
[BlackElo "2337"]
[PlyCount "97"]
[EventDate "2007.??.??"]
[EventType "corr"]
[SourceDate "2007.05.17"]

1. e4 c5 2. Nf3 d6 3. d4 cxd4 4. Nxd4 Nf6 5. Nc3 a6 6. Bg5 e6 7. f4 Qb6 8. Qd2
Qxb2 9. Nb3 Qa3 10. Bxf6 gxf6 11. Be2 h5 12. O-O Nd7 13. Qd4 b5 14. Rfd1 Bb7
15. Nb1 Qa4 16. Qf2 b4 17. a3 e5 18. axb4 Qxb4 19. N1d2 Qc3 20. Kh1 h4 21. Na5
Bc8 22. Bc4 h3 23. g3 Rb8 24. Bd5 exf4 25. gxf4 Rg8 26. Nac4 Nb6 27. Ne3 f5 28.
Rab1 Qc7 29. exf5 Bg7 30. Rg1 Kf8 31. f6 Nxd5 32. Nxd5 Bb7 33. fxg7+ Rxg7 34.
Rxb7 Qxb7 35. Qd4 f5 36. Re1 Qf7 37. Nf3 Re8 38. Rf1 Re4 39. Qd3 Qe6 40. Ng5
Rxg5 41. fxg5 Re1 42. Kg1 Qe5 43. c4 Kg7 44. Qxh3 Qd4+ 45. Kg2 Qd2+ 46. Kh1
Rxf1+ 47. Qxf1 Qxg5 48. Qg1 Qxg1+ 49. Kxg1 1-0

[Event "3FoglarVeterans_SIM_C"]
[Site "?"]
[Date "2007.??.??"]
[Round "?"]
[White "Vrbica, Ladislav"]
[Black "Shapiro, Vladislav"]
[Result "1/2-1/2"]
[WhiteElo "2348"]
[BlackElo "2358"]
[PlyCount "36"]
[EventDate "2007.??.??"]
[EventType "corr"]
[SourceDate "2007.05.17"]

1. c4 e5 2. Nc3 Nc6 3. Nf3 Nf6 4. d4 e4 5. Nd2 Nxd4 6. Ndxe4 Nxe4 7. Qxd4 Nxc3
8. Qxc3 d5 9. e3 Be6 10. Bd2 Qe7 11. Be2 O-O-O 12. Rc1 dxc4 13. Bxc4 Rd7 14.
Bxe6 Qxe6 15. Qc4 Qxc4 16. Rxc4 b5 17. Rc2 Kb7 18. Ke2 Be7 1/2-1/2

[Event "3FoglarVeterans_SIM_C"]
[Site "?"]
[Date "2007.??.??"]
[Round "?"]
[White "Kuta, Jiri"]
[Black "Guskov, Viktor"]
[Result "1-0"]
[WhiteElo "2349"]
[BlackElo "2311"]
[PlyCount "59"]
[EventDate "2007.??.??"]
[EventType "corr"]
[SourceDate "2007.05.17"]

1. Nf3 Nf6 2. c4 b6 3. Nc3 Bb7 4. d4 e6 5. a3 d5 6. cxd5 Nxd5 7. Qc2 Nxc3 8.
Qxc3 h6 9. e3 Be7 10. Bb5+ c6 11. Be2 Nd7 12. b4 a5 13. Bd2 Nf6 14. Qb2 Ne4 15.
O-O O-O 16. bxa5 Nxd2 17. Nxd2 Rxa5 18. Nc4 Rb5 19. Qc2 Qc7 20. f4 Ra8 21. Bd3
c5 22. Ne5 Rba5 23. Bh7+ Kf8 24. f5 Bc8 25. Nxf7 Bf6 26. Nxh6 c4 27. fxe6 Bxe6
28. Qg6 Ke7 29. Rxf6 gxf6 30. Rf1 1-0

[Event "3FoglarVeterans_SIM_C"]
[Site "?"]
[Date "2007.??.??"]
[Round "?"]
[White "Grabner, Helmut"]
[Black "Kasik, Miroslav"]
[Result "1-0"]
[WhiteElo "2319"]
[BlackElo "2232"]
[PlyCount "89"]
[EventDate "2007.??.??"]
[EventType "corr"]
[SourceDate "2007.05.17"]

1. e4 e5 2. Nf3 Nc6 3. Bb5 a6 4. Ba4 Nf6 5. O-O Nxe4 6. d4 b5 7. Bb3 d5 8. dxe5
Be6 9. Nbd2 Nc5 10. c3 Nxb3 11. Nxb3 Be7 12. Nfd4 Qd7 13. Nxc6 Qxc6 14. Be3 O-O
15. f4 f5 16. Qd2 Rfe8 17. Rad1 Rad8 18. Qf2 Qd7 19. Bc5 Bxc5 20. Nxc5 Qf7 21.
Nxa6 Rc8 22. Nc5 Ra8 23. a3 c6 24. Rd3 Rad8 25. Rh3 Qa7 26. Qd4 Qf7 27. Rff3 h6
28. Rfg3 Kh7 29. Rg5 Qe7 30. Nxe6 Qxe6 31. Qd3 Rf8 32. g4 g6 33. gxf5 Rxf5 34.
Rxf5 gxf5 35. Qd4 Rd7 36. Rg3 Qf7 37. b3 Rb7 38. h3 Qe7 39. a4 bxa4 40. bxa4
Qh4 41. Kh2 c5 42. Qf2 Qe7 43. Qc2 Qe6 44. a5 Qf7 45. a6 1-0

[Event "3FoglarVeterans_SIM_C"]
[Site "?"]
[Date "2007.??.??"]
[Round "?"]
[White "Colucci, Pasguale"]
[Black "Quattrocchi, Gaetano"]
[Result "1/2-1/2"]
[WhiteElo "2318"]
[BlackElo "2283"]
[PlyCount "31"]
[EventDate "2007.??.??"]
[EventType "corr"]
[SourceDate "2007.05.17"]

1. e4 e6 2. d4 d5 3. Nc3 Bb4 4. exd5 exd5 5. Bd3 Nc6 6. a3 Bxc3+ 7. bxc3 Nge7
8. Qf3 O-O 9. Ne2 Be6 10. Ng3 Qd7 11. h3 Ng6 12. O-O Na5 13. Nh5 f6 14. Nf4
Nxf4 15. Bxf4 Bf5 16. Rfe1 1/2-1/2